| 000 | 00510nam a22001817a 4500 | ||
|---|---|---|---|
| 005 | 20140310183645.0 | ||
| 008 | 140107b xxu||||| |||| 00| 0 eng d | ||
| 020 | _a0072418419 | ||
| 020 | _a0071121994 | ||
| 050 |
_aQH 323.5 _b.G573 2002 |
||
| 100 | _aGlover, Thomas | ||
| 245 |
_aAn introduction to biostatistics / _cThomas Glover. |
||
| 260 |
_aUnited States : _bMcGraw-Hill Companies Inc., _c2002. |
||
| 300 |
_a416 p. : _c24 cm. |
||
| 650 | _aBiostaticstics | ||
| 942 |
_2lcc _cBK _kFOR |
||
| 999 |
_c25908 _d25908 |
||